000 03235cam a2200385 i 4500
999 _c29255
_d29226
001 20472185
003 EG-ScBUE
005 20210727104847.0
008 180427t2019 nyu f b 001 0 eng d
020 _a9780199980970
040 _aDLC
_beng
_erda
_cDLC
_dDLC
_dEG-ScBUE
082 0 4 _a809.9112
_bMOD
_222
245 0 0 _aModernism, postcolonialism, and globalism :
_bAnglophone literature, 1950 to the present /
_cedited by Richard Begam and Michael Valdez Moses.
246 3 0 _aAnglophone literature, 1950 to the present
264 1 _aNew York, NY :
_bOxford University Press,
_c[2019]
264 4 _cc2019
300 _axvi, 324 pages ;
_c25 cm
336 _atext
_btxt
_2rdacontent
337 _aunmediated
_bn
_2rdamedia
338 _avolume
_bnc
_2rdacarrier
504 _aIncludes bibliographical references and index.
505 1 _aAfrica -- Asia -- The Caribbean -- Ireland -- Australia/New Zealand -- Canada.
520 _a"As England withdrew from its empire after World War II, how did writers living outside the United Kingdom respond to the history of colonialism and the aesthetics of modernism within a global context? In fourteen original essays, a group of distinguished scholars considers these questions in relation to novelists, playwrights and poets living in English-speaking countries around the world. The Introduction not only examines how modernism and postcolonialism evolved over roughly two generations, but also situates the writers analyzed in terms of the canonical realignments inspired by the New Modernist Studies and an array of emerging methodologies and approaches. While this volume highlights social and political questions connected with the end of empire, it also considers the aesthetics of postcolonialism, detailing how writers drew upon, responded to and, sometimes reacted against, the formal innovations of modernism. Many of the essays consider the influence modernist artists and movements exercised on postcolonial writers, from Yeats, Conrad, Kafka, Proust, Joyce, Eliot and Woolf to Impressionism, Expressionism, Surrealism, Dadaism and Abstraction. The volume is organized around six geographic locales and includes essays on Africa (Chinua Achebe, Ngũgĩ wa Thiong'o, Nadine Gordimer, J. M. Coetzee), Asia (Salman Rushdie, Arundhati Roy), the Caribbean (Jean Rhys, Derek Walcott, V. S. Naipaul), Ireland (Samuel Beckett, Seamus Heaney), Australia/New Zealand (David Malouf, Keri Hulme) and Canada (Michael Ondaatje). Among the topics considered are the narrative construction of time and space, the engagement with realism and the handling of aesthetic autonomy, globalization and cultural hybridity" --
_cProvided by publisher.
650 7 _aModernism (Literature)
_2BUEsh
650 7 _aPostcolonialism in literature.
_2BUEsh
650 7 _aLiterature and globalization.
_2BUEsh
653 _bHHUUEENN
_cJuly2021
655 _vReading book
_934232
700 1 _aBegam, Richard,
_d1950-
_eeditor,
_911726
700 1 _aMoses, Michael Valdez,
_d1957-
_eeditor,
_929163
906 _a7
_bcbc
_corignew
_d1
_eecip
_f20
_gy-gencatlg
942 _2ddc
_cBB